Statistics for Famous Redheads by Picture

Click here to take the quiz!

General Stats

  • This quiz has been taken 30,830 times
    (9,489 since last reset)
  • The average score is 9 of 16

Answer Stats

Answer% Correct
Prince Harry
94%
Vincent Van Gogh
89%
Ed Sheeran
89%
Elizabeth I
83%
Emma Stone
67%
Conan O'Brien
59%
Willie Nelson
52%
Amy Adams
51%
Lucille Ball
48%
Sarah, Duchess of York
45%
Thomas Jefferson
44%
Ron Howard
43%
Julianne Moore
43%
Carrot Top
39%
Geri Halliwell
34%
Damian Lewis
21%

Score Distribution

Percentile by Number Answered

Percent of People with Each Score

Your Score History

You have not taken this quiz since the last reset